| 000 | 00421nam a22001697a 4500 | ||
|---|---|---|---|
| 003 | CEME | ||
| 005 | 20210628202357.0 | ||
| 008 | 210311b xxu||||| |||| 00| 0 eng d | ||
| 020 | _a0-07-008078-X | ||
| 040 | _c. | ||
| 082 | _a620.166 BRO'M | ||
| 100 |
_aBrooks, C.R Choudhury, Ashok _959636 |
||
| 245 | _aMetallurgical failure analysis | ||
| 260 |
_aNEWYORK _bMCGRAW HILL _c1993 |
||
| 300 | _a409P | ||
| 942 |
_cBK _2ddc |
||
| 999 |
_c569564 _d569564 |
||